Accounting classics series

में बचाया:
ग्रंथसूची विवरण
मुख्य लेखक: Sterling, Robert R.
स्वरूप: पुस्तक
भाषा:Undetermined
प्रकाशित: Kansas Scholars Book Co. 1972
विषय:
टैग : टैग जोड़ें
कोई टैग नहीं, इस रिकॉर्ड को टैग करने वाले पहले व्यक्ति बनें!
Thư viện lưu trữ: Trung tâm Học liệu Trường Đại học Cần Thơ
LEADER 00466nam a2200181Ia 4500
001 CTU_68701
008 210402s9999 xx 000 0 und d
082 |a 657 
082 |b S312 
100 |a Sterling, Robert R. 
245 0 |a Accounting classics series 
245 0 |c Robert R. Sterling 
260 |a Kansas 
260 |b Scholars Book Co. 
260 |c 1972 
650 |a Accounting 
910 |a Năm 
980 |a Trung tâm Học liệu Trường Đại học Cần Thơ